|
|
|
|
| LEADER |
00000cam a2200000 7i4500 |
| 001 |
0000004600 |
| 005 |
20151222.0 |
| 008 |
070730 |
| 020 |
|
|
|a 983057329X
|
| 090 |
0 |
0 |
|a CUS
|b MAL
|
| 100 |
0 |
|
|a Jasiman Ahmad
|
| 245 |
1 |
0 |
|a Permainan rakyat
|c Jasiman Ahmad
|
| 260 |
|
|
|a Kuala Lumpur :
|b Goodmark Enterprise ,
|c 2004
|
| 440 |
|
0 |
|a Siri permainan traditional
|
| 500 |
|
|
|a Children ages 10-12 years old (pink)
|
| 650 |
|
0 |
|a Games
|x Custom
|
| 650 |
|
0 |
|a Games
|x Traditional
|
| 999 |
|
|
|a 0000978500
|b Book
|c Children Collection
|e Cawangan Bandar Penawar
|
| 999 |
|
|
|a 0000978501
|b Book
|c Children Collection
|e Cawangan Bandar Penawar
|
| 999 |
|
|
|a 0000978502
|b Book
|c Children Collection
|e Cawangan Pontian
|
| 999 |
|
|
|a 0000978503
|b Book
|c Children Collection
|e Cawangan Muar
|
| 999 |
|
|
|a 0000978504
|b Book
|c Children Collection
|e Cawangan Segamat
|
| 999 |
|
|
|a 000912365
|b Book
|c Teenagers
|e Cawangan Bandar Tenggara
|